Tabah Dan Berani

Bibliographic Details
Main Author: Wan Wahidah
Format: Book
Published: Selangor : Penerbit Pan Earth Sdn. Bhd. , 1994
Series:Belajar Nilai Moral Kanak-Kanak
Subjects:

MARC

LEADER 00000cam a2200000 7i4500
001 0000112981
005 20150227.0
008 100526 bm
020 |a 9837500816 
090 0 0 |a J 028.5 SIR 
100 1 |a Wan Wahidah 
245 1 0 |a Tabah Dan Berani   |c Wan Wahidah,Zainurin Yusof 
260 |a Selangor :   |b Penerbit Pan Earth Sdn. Bhd. ,   |c 1994 
300 |a 14pages :   |b col.ill ;   |c 20cm. 
440 0 |a Belajar Nilai Moral Kanak-Kanak 
650 0 0 |a Malau Language 
999 |a 0000367833   |b Buku   |c Koleksi Pinjaman Kanak-Kanak   |e Perpustakaan Cawangan Jasin